000
00309nam a2200133Ia 4500
008
190216s9999||||xx |||||||||||||| ||und||
100
_a
Edgar Altenburg
245
0
_a
Genetics
250
_a
1st Ed.
260
_b
Oxford And Ibh Publishing Co. Pvt Ltd
_c
1957
300
_a
496
650
_a
Botany
942
_c
BK
999
_c
1255
_d
1255